| 000 | 00627cam a2200193 4500500 | ||
|---|---|---|---|
| 005 | 20260405004033.0 | ||
| 041 | _afre | ||
| 042 | _adc | ||
| 100 | 1 | 0 |
_aLarmagnac-Matheron, Octave _eauthor |
| 245 | 0 | 0 | _aLaurent Thirouin : faites vos jeux avec Pascal |
| 260 | _c2019. | ||
| 500 | _a56 | ||
| 690 | _aBlaise Pascal | ||
| 690 | _aInfini | ||
| 690 | _aJeu | ||
| 690 | _aPensées | ||
| 786 | 0 | _nPhilosophie magazine - Hors séries | Hors-série - Été 2019 | HS42 | 2019-07-01 | p. 40-42 | 2104-9246 | |
| 856 | 4 | 1 | _uhttps://shs.cairn.info/magazine-philosophie-magazine-2019-hs42-page-40?lang=fr&redirect-ssocas=7080 |
| 999 |
_c2073108 _d2073108 |
||